| 000 | 00722nam a22002777a 4500 | ||
|---|---|---|---|
| 005 | 20250819183537.0 | ||
| 008 | 160223b2014 xxu||||| |||| 00| 0 spa d | ||
| 041 | _aESP | ||
| 082 | _a345.05 S194p | ||
| 100 |
_aSánchez Delgado, Daniel _95018 |
||
| 245 | _aProcedimiento de flagrancia: temas actuales, primera parte | ||
| 260 | _aCosta Rica | ||
| 260 | _bIJSA | ||
| 260 | _c2014 | ||
| 300 | _a331 páginas | ||
| 490 | _aInvestigación Criminal | ||
| 650 | _aFLAGRANCIA | ||
| 650 | _aVICTIMIZACIÓN | ||
| 650 | _aMEDIOS DE COMUNICACIÓN | ||
| 650 | _aMEDIDAS CAUTELARES | ||
| 650 | _aPRISIÓN PREVENTIVA | ||
| 650 | _aHURTO SIMPLE | ||
| 650 | _aLESIVIDAD | ||
| 650 | _aACUSACIÓN | ||
| 942 |
_cBK _2ddc |
||
| 999 |
_c7688 _d7688 |
||